000 01800cam a22004814i 4500
003 PE-LiUPU
005 20250731173348.0
008 150706s2002 sp rb 000 0 spa d
035 _a(Sirsi) a48068
040 _aPE-LiUPU
_bspa
_cPE-LiUPU
_erda
049 _aPRUA
082 0 4 _a253
_bF65
_221
100 1 _aFloristán Casiano,
_eautor.
245 1 0 _aTeología práctica /
_cteoría y praxis de la acción pastoral.
250 _a4a edición.
264 1 _aSalamanca :
_bSígueme,
_c2002 .
300 _a825 p ;
_c21 centímetros.
336 _atext
_2rdacontent
337 _aunmediated
_2rdamedia
338 _avolume
_2rdacarrier
490 0 _aLux mundi ;
_v68
504 _aReferencias bibliográficas al pie de algunas páginas.
505 0 _aTeología práctica general -- Historia -- Teología -- Práctica -- Agentes -- Método -- Teología práctica especial -- Misión (Kerigma) -- Catequesis (Didaskalia) -- Liturgia (Leitourgía) -- Comunidad (Koinonía) -- Servicio (Diakonía).
526 _aSEG42
526 _aSEG41
526 _aSEG40
526 _aSEG39
526 _aP94
526 _aP87
526 _aP86
526 _aP85
526 _aP77
526 _aP76
526 _aP35
541 _g007-0020527;
650 0 4 _aTeología pastoral.
_91381
910 _agl
_bjv
_clch
_d20100112
942 _2ddc
_cBOOK
949 _a253 F65
_wDEWEY
_c1
_i60922
_lCCODEBUL1
_mBUL
_p35.00
_r0
_sY
_tLIBRO
_u2015-07-06
_xTEOLOGIA
_zUNKNOWN
_o.STAFF. Colección Teología
994 _aC0
_bPEPRU
596 _a1
999 _a253 F65
_wDEWEY
_c50279
_i60922
_d50279
_e2017-6-18
_f2021-11-10
_g5
_lCCODEBUL1
_mBUL
_n3
_p35.00
_r0
_sY
_tBOOK
_u2015-7-6
_xTEOLOGIA
_PP35
_0COMPRA
_o.STAFF. Colección Teología
980 _81
_gALBERTO SANCHEZ Responsable de Automatización